| 000 | 01255nam a22002657a 4500 | ||
|---|---|---|---|
| 003 | DO-SdBNP | ||
| 005 | 20210830104818.0 | ||
| 007 | ta | ||
| 008 | 210830e2018 dr a|||gr|||| 001 edspa d | ||
| 020 | _a9789945908022 (tapa rústica) | ||
| 020 | _a9789945908015 (tapa dura). | ||
| 040 |
_aDO-SdBNP _bspa _cBNPHU |
||
| 041 | _hspa | ||
| 082 | _bM671t | ||
| 100 | 1 |
_940026 _aMirabal Rosario,Yoselman Rodwin, _d1969- |
|
| 245 | 1 | 3 |
_aTeología pentecostal: _buna perspectiva académica / _cYoselman R. Mirabal; Eduardo Leonardo Piña Mateo, pról. |
| 260 |
_aSanto Domingo : _bEditora la Unión, _c2018 |
||
| 300 |
_a248 p.: _bil., fotogr.; _c22 cm. |
||
| 500 | _aIncluye biografía del autor en la solapa. | ||
| 504 | _abibliografía, p. 245-246 | ||
| 505 | 0 | 0 |
_tCapítulo I. Conceptuación.-- _tCapítulo II. Origen, evolución y situación actual del pentecostalismo.-- _tCapítulo III. Unción o conocimiento: La gran dicotomía entre los pentecostales.-- _tCapítulo IV. Doctrinas básicas de los pentecostales.-- _tCapítulo V. Creencias, dogmas y tabúes pentecostales.-- _tCapítulo VI. Desafíos actuales de la iglesia pentecostal.-- |
| 590 | _aInventariado 2021 / MF | ||
| 700 | 1 | 2 |
_aPiña Mateo, Eduardo Leonardo _epról. _979623 |
| 942 |
_2ddc _cLBS1 |
||
| 999 |
_c50318 _d50318 |
||